00714nam a2200253 a 4500001001300000003000900013005001700022008004100039020001000080082001800090100002300108245001600131260003900147300000800186500003500194505001400229650003400243650003200277700002300309902000800332942000700340952009800347999001500445nice12345678IN_TiNIC20260116011540.0050524s1928 laha grp 000 0 urd  ac10000a891.4391bWAI aWaiz, Rahmat Masih aNaik Samri. aLahorebF M Najmuddin Akhtarc1928 a15p aincludes index and biblioraphy2 areference aReligious Poetry-Christianity aReligion-Poetry-christinity1 aWaiz, Rahmat Masih bSRS cBK 00104070aHMIbHMId2007-05-30g100.00l0o891.4391 WAIp4810r2007-05-30w2026-01-16yARB c2537d2537